| 000 | 00000nam 2200000zi 4500 |
| 001 | 9.867709 |
| 003 | CaOODSP |
| 005 | 20221107162402 |
| 006 | m o d f |
| 007 | cr ||||||||||| |
| 008 | 190129s1958 onc ot f|0| 0 eng d |
| 040 | |aCaOODSP|beng|erda|cCaOODSP |
| 043 | |an-cn--- |
| 086 | 1 |aM38-1/23-1958E-PDF |
| 100 | 1 |aBrown, N. B., |eauthor. |
| 245 | 10|aEffect of shot peening prior to electroplating on the fatigue properties of an alloy steel / |cby N. B. Brown. |
| 264 | 1|aOttawa, Ontario : |bDepartment of Mines and Technical Surveys, |c1958. |
| 300 | |a1 online resource ( iii, 12 pages) |
| 336 | |atext|btxt|2rdacontent |
| 337 | |acomputer|bc|2rdamedia |
| 338 | |aonline resource|bcr|2rdacarrier |
| 490 | 1 |aMines Branch Research Report ; |vR 23 |
| 500 | |a"September 18, 1958." |
| 500 | |aTitle from cover. |
| 504 | |aIncludes bibliographic references. |
| 520 | |a"The results of research into the effect of shot peening, prior to electroplating, on the fatigue strength of a modified SAE 3140 alloy steel are described in this report"--Abstract, p. i. |
| 692 | 07|2gccst|aSteel |
| 692 | 07|2gccst|aMetals |
| 710 | 1 |aCanada. |bDepartment of Mines and Technical Surveys. |
| 710 | 1 |aCanada. |bMines Branch. |
| 830 | #0|aResearch report (Canada. Mines Branch)|vR 23.|w(CaOODSP)9.855660 |
| 856 | 40|qPDF|s983 KB|uhttps://publications.gc.ca/collections/collection_2019/rncan-nrcan/m38-1/M38-1-23-1958-eng.pdf |